| 000 | 01623cam a2200289 i 4500 | ||
|---|---|---|---|
| 003 | SA-RiAUC | ||
| 005 | 20251112122251.0 | ||
| 008 | 251109q19901999su f f100r0 ara c | ||
| 040 |
_aSA-DmIAFU _bara _cSA-RiAUC _erda |
||
| 043 | _aa-su--- | ||
| 050 | 4 | _b.M88 1990z | |
| 082 | 0 | 4 | _a953.1 |
| 090 |
_a953.1 _bم ؤ ت |
||
| 111 | 2 |
_aمؤتمر المملكة العربية السعودية في مائة عام _d(1419 هجري : _cالرياض) |
|
| 245 | 1 | 0 |
_aمؤتمر المملكة العربية السعودية في مائة عام : _bدليل المؤتمر / _cالأمانة العامة للاحتفال بمرور مائة عام على تأسيس المملكة العربية السعودية. |
| 246 | 3 | _aمؤتمر المملكة العربية السعودية في مئة عام : دليل المؤتمر | |
| 246 | 3 | _aمؤتمر المملكة العربية السعودية في 100 عام : : دليل المؤتمر | |
| 264 | 1 |
_a[الرياض] : _bالأمانة العامة للاحتفال بمرور مائة عام على تأسيس المملكة العربية السعودية، _c[بين 1990 و1999] |
|
| 300 |
_a12 صفحة ؛ _c18 × 21 سم |
||
| 336 |
_aنص _btxt _2rdacontent _3كتاب |
||
| 337 |
_aبدون وسيط _bn _2rdamedia |
||
| 338 |
_aمجلد _bnc _2rdacarrier |
||
| 651 | 7 |
_aالسعودية _xتاريخ _vمؤتمرات _2aucsh |
|
| 710 | 1 |
_aالسعودية. _bالأمانة العامة للاحتفال بمرور مائة عام على تأسيس المملكة _eمنظم. |
|
| 942 |
_2ddc _cBOOK _n0 |
||
| 949 |
_aSA-JeALM _d251109 _umohamedma123 _n1 |
||
| 999 |
_c13201 _d13201 |
||